1749 1987 1092 1050 1883 1184 1750 1587 1904 1279 1126 1426 1177 1817 1022 1893 1125 1574 1385 1784 1842 1699 1990 1298 1203 1625 1874 1977 1200 1404 1058 1995 1176 1401 1192 1830 1153 1625 1815 1034 1502 1347 1710 1427 1116 1132 1127 1359 1695 1865 1947 1921 1222 1241 1470 1054 1936 1348 1726 1556 1606 1017 1815 1037 1137 1397 1596 1183 1864 1856 1701 1305 1311 1282 1429 1879 1526 1769 1272 1850 1708 1493 1564 1121 1100 1761 1887 1438 1720 1235 1559 1183 1009 1425 1758 1692 1521 1769 1861 BCNSPRNW ULIB Ver.6.0+V

เปลี่ยนเป็นภาษาไทย

Change to English
 แสดงรายละเอียดบรรณานุกรม
  กลับหน้าหลัก

Brief Record : Get Marc (ISO 2709) : E-mail record : QR code < ปิดหน้าต่าง
LEADER : 00000nam 2200000uu 4500
001    13399110232
003     ULIB
008    110426s2552||||th 000 0 tha d
020    9786167056029
060  4 WM15^bว583อ 2552
100 0  วิทยากร เชียงกูล
245 10 อธิบายศัพท์จิตวิทยาและการพัฒนาตนเอง = Dictionary of psychologyand self development /^cวิทยากร เชียงกูล
250    พิมพ์ครั้งที่ 1
260    กรุงเทพฯ :^bสายธาร,^c2552
300    260 หน้า ;^c21 ซม
650  7 dictionaries
650  7 psychology
945    ^p200^l0^i027199
945    ^p200^l0^i027198
945    ^p200^l0^i027197
995    ทศพร
999 ^a ใช้งานได้ทุกระบบ
รายการนี้ยังไม่มีแท็ก
คุณยังไม่ได้ล็อกอิน คุณสามารถมีกิจกรรมร่วมกับเว็บไซต์ได้ แต่ต้องล็อกอินก่อน ::
  ล็อกอิน

รายการสื่อสารสนเทศ

ลำดับที่ ประเภท เลขเรียก/บาร์โค้ด สถานที่ สถานะ
- ไม่พบข้อมูล -

รายการใกล้เคียง
    ผู้แต่ง [วิทยากร เชียงกูล]

    หัวเรื่อง [dictionaries]
    หัวเรื่อง [psychology]

BibComment


ยังไม่เคยถูกคอมเมนท์

คอมเมนท์ทรัพยากรรายการนี้
  คอมเมนท์: อธิบายศัพท์จิตวิท..


 Copyright 2026. Bcnsprnw @Library